White asbestos still a threat (Record no. 69460)
[ view plain ]
| 000 -LEADER | |
|---|---|
| fixed length control field | 00963cam a2200205 4500 |
| 001 - CONTROL NUMBER | |
| control field | WB3805-03 |
| 008 - FIXED-LENGTH DATA ELEMENTS--GENERAL INFORMATION | |
| fixed length control field | 020207n2002 000 0 eng u |
| 035 ## - SYSTEM CONTROL NUMBER | |
| System control number | (Sirsi) u116641 |
| 245 ## - TITLE STATEMENT | |
| Title | White asbestos still a threat |
| 260 ## - PUBLICATION, DISTRIBUTION, ETC. | |
| Date of publication, distribution, etc. | 2002 |
| 490 ## - SERIES STATEMENT | |
| Series statement | Health & Safety Executive |
| Volume/sequential designation | 5 February 2002, (4) |
| 520 ## - SUMMARY, ETC. | |
| Summary, etc. | HSE has confirmed that white asbestos remains a major health hazard. HSE will soon be putting forward new legislation to introduce a new duty which will seek to deal with the risks of asbestos in buildings. A consultative document, setting out the latest proposals, was published on 21 November 2001. Responses are due by 19 February 2002. Further information at http://www.hse.gov.uk |
| 590 ## - LOCAL NOTE (RLIN) | |
| Local note | WB |
| 650 ## - SUBJECT ADDED ENTRY--TOPICAL TERM | |
| Topical term or geographic name entry element | MANAGEMENT-HEALTH AND SAFETY-HAZARDOUS SUBSTANCES-ASBESTOS |
| 650 ## - SUBJECT ADDED ENTRY--TOPICAL TERM | |
| Topical term or geographic name entry element | WHITE ASBESTOS |
| 650 ## - SUBJECT ADDED ENTRY--TOPICAL TERM | |
| Topical term or geographic name entry element | HEALTH AND SAFETY EXECUTIVE |
| 650 ## - SUBJECT ADDED ENTRY--TOPICAL TERM | |
| Topical term or geographic name entry element | CHRYSOTILE |
| 690 ## - LOCAL SUBJECT ADDED ENTRY--TOPICAL TERM (OCLC, RLIN) | |
| Topical term or geographic name as entry element | BUILT ENVIRONMENT-BUILDING STANDARDS |
| 942 ## - ADDED ENTRY ELEMENTS (KOHA) | |
| Suppress in OPAC | 0 |
| Withdrawn status | Lost status | Source of classification or shelving scheme | Damaged status | Not for loan | Home library | Current library | Shelving location | Date acquired | Total Checkouts | Full call number | Barcode | Date last seen | Copy number | Price effective from | Koha item type |
|---|---|---|---|---|---|---|---|---|---|---|---|---|---|---|---|
| Dewey Decimal Classification | London | London | News article | 07/02/2002 | WB3805-03 | 116641-1001 | 06/08/2019 | 1 | 06/08/2019 | News article |